[Event "DRUZYNOWE MISTRZOSTWA POLSKI - II LIGA 2018"]
[Site "Jastrzebia Gora"]
[Date "1899-12-30"]
[Round "4.33"]
[White "Dzierzak, Radoslaw"]
[Black "Walkusz, Witoslaw"]
[Result "1-0"]
[WhiteTitle "I++"]
[BlackTitle "FM"]
[WhiteElo "2282"]
[BlackElo "2128"]

1. e4 e5 2. Nf3 Nc6 3. Bb5 a6 4. Ba4 b5 5. Bb3 Nf6 6. d4 exd4 7. e5 Ne4 8. O-O
Be7 9. Bd5 Nc5 10. Nxd4 Bb7 11. Nf5 g6 12. Nh6 Ne6 13. f4 Bc5+ 14. Kh1 Qh4 15.
f5 Ned4 16. Bxf7+ Kd8 17. Bd5 Rf8 18. f6 Kc8 19. c3 Nf5 20. Nxf5 gxf5 21. b4 Bb6
22. Qf3 Nxe5 23. Bxb7+ Kb8 24. Qf4 Ng4 25. Bxa8 Kxa8 26. Qf3+ c6 27. Bf4 Nf2+
28. Rxf2 Qxf2 29. Qxf2 Bxf2 30. Nd2 Rxf6 31. Rf1 Bb6 32. Nf3 a5 33. a3 Kb7 34.
Nd4 Bxd4 35. cxd4 a4 36. Be5 Re6 37. Rxf5 d6 38. Rf6 1-0

[Event "DRUZYNOWE MISTRZOSTWA POLSKI - II LIGA 2018"]
[Site "Jastrzebia Gora"]
[Date "1899-12-30"]
[Round "4.34"]
[White "Kubica, Kamil"]
[Black "Zochowski, Kacper"]
[Result "1/2-1/2"]
[WhiteTitle "k"]
[BlackTitle "k"]
[WhiteElo "2153"]
[BlackElo "2269"]

1. d4 d6 2. e4 Nf6 3. Nc3 Nbd7 4. f4 Nb6 5. Be2 g6 6. Nf3 Bg7 7. e5 Nfd7 8. Ne4
O-O 9. O-O c5 10. exd6 cxd4 11. Nxd4 exd6 12. c3 d5 13. Ng5 Nc5 14. f5 Ne4 15.
Nh3 Nc4 16. Bxc4 dxc4 17. Be3 Nd6 18. fxg6 hxg6 19. Qf3 Nf5 20. Nxf5 Bxf5 21.
Ng5 Bh6 22. Qg3 f6 23. Rxf5 fxg5 24. Rxf8+ Qxf8 25. Rf1 Qe7 26. Bd4 Bg7 27. Qg4
Rf8 28. Bf2 Rf4 29. Qc8+ Kh7 30. Re1 Re4 31. Qh3+ Bh6 32. Rxe4 Qxe4 33. Qd7+ Bg7
34. h3 Kh6 35. Qd2 Qb1+ 36. Kh2 Qxa2 37. h4 Qa5 38. hxg5+ Kh7 39. Bg3 Qb5 40.
Bf4 Qf5 41. Qe3 b5 42. Qh3+ Kg8 43. Qxf5 gxf5 44. g4 fxg4 45. Kg3 Kf7 46. Kxg4
Ke6 47. Bc1 a5 48. Kf3 Kf5 49. Ke2 Bf8 50. Kd1 Be7 51. Be3 Bxg5 52. Bb6 b4 53.
cxb4 axb4 54. Kc2 Bf6 55. b3 Ke5 1/2-1/2

[Event "DRUZYNOWE MISTRZOSTWA POLSKI - II LIGA 2018"]
[Site "Jastrzebia Gora"]
[Date "1899-12-30"]
[Round "4.35"]
[White "Zaleski, Lukasz"]
[Black "Rawski, Slawomir"]
[Result "1-0"]
[WhiteTitle "k"]
[BlackTitle "FM"]
[WhiteElo "2134"]
[BlackElo "2126"]

1. e4 e6 2. d4 d5 3. Nc3 Nf6 4. Bg5 dxe4 5. Nxe4 Nbd7 6. Nf3 Be7 7. Nxf6+ Bxf6
8. h4 c5 9. dxc5 Nxc5 10. Qxd8+ Bxd8 11. Bxd8 Kxd8 12. h5 h6 13. g3 Ke7 14. Bg2
Rd8 15. Rh4 Bd7 16. Ne5 Be8 17. Rc4 Nd7 18. Rc7 Kd6 19. Rxd7+ Rxd7 20. Nxd7 Bxd7
21. O-O-O Kc7 22. Bxb7 Rb8 23. Bf3 Rb5 24. Rd3 f6 25. c4 Rc5 26. b3 Be8 27. g4
f5 28. Kd2 fxg4 29. Bxg4 Bxh5 30. Bxe6 Re5 31. Re3 Kd6 32. Bd5 Rf5 33. Re6+ Kc5
34. Kc3 Rxd5 35. b4# 1-0

[Event "DRUZYNOWE MISTRZOSTWA POLSKI - II LIGA 2018"]
[Site "Jastrzebia Gora"]
[Date "1899-12-30"]
[Round "4.36"]
[White "Smarsz, Agata"]
[Black "Binkowska, Agata"]
[Result "0-1"]
[WhiteTitle "m"]
[BlackTitle "I++"]
[WhiteElo "2109"]
[BlackElo "1890"]

1. d4 d5 2. Nf3 Nf6 3. c4 e6 4. Nc3 c6 5. e3 Bd6 6. Be2 Nbd7 7. O-O O-O 8. b3 Ne4
9. Bb2 f5 10. Ne1 Ndf6 11. f4 Nxc3 12. Bxc3 Ne4 13. Bb2 g5 14. g3 g4 15. Nd3 h5
16. Nf2 Nf6 17. Rc1 Qe7 18. Kg2 h4 19. Bd3 Rf7 20. c5 Bc7 21. b4 Bd7 22. a4 a6
23. Qe2 Nh5 24. Nxg4 fxg4 25. Qxg4+ Ng7 26. Qg6 h3+ 27. Kg1 Rf6 28. Qh7+ Kf7 29.
g4 Rg8 30. Kh1 Qe8 31. g5 Rf5 32. Qxh3 Rh8 33. Qg2 Kg8 34. Rc2 Rf8 35. Re2 Qh5
36. Ref2 Nf5 37. Bc1 Nh4 38. Qg3 Nf5 39. Qf3 Qh4 40. Rg2 Be8 41. Qf2 Qh3 42. Qf3
Qxf3 43. Rxf3 Nh4 44. Rfg3 Nxg2 45. Kxg2 a5 46. b5 cxb5 47. axb5 Bd8 48. Kg1 Bh5
49. Ba3 Be7 50. b6 Be8 51. Be2 Kf7 52. Bd3 Kg7 53. Be2 Bd7 54. Bg4 Re8 55. e4
Bc8 56. Bf3 Rd8 57. Bb2 Rh4 58. f5 exf5 59. exd5 Kg6 60. d6 Bxd6 61. cxd6 Rxd6
62. Rg2 Rxb6 63. Rc2 Bd7 64. Bc3 a4 65. Kg2 Kxg5 66. Ba5 Rg6 67. Kh1 Rxd4 68.
Bxb7 Rd1+ 69. Kg2 f4 70. Kf2 Rh6 71. Rc5+ Bf5 72. Ke2 Rdd6 73. Bc8 Rxh2+ 74. Ke1
Rh1+ 75. Kf2 Rh2+ 76. Kg1 Rc2 77. Rxf5+ Kg6 78. Be1 Rxc8 79. Rxf4 Ra6 80. Rf2
Rc1 81. Kf1 Re6 0-1

[Event "DRUZYNOWE MISTRZOSTWA POLSKI - II LIGA 2018"]
[Site "Jastrzebia Gora"]
[Date "1899-12-30"]
[Round "4.37"]
[White "Brzezinski, Mateusz"]
[Black "Rudolf, Michal"]
[Result "1/2-1/2"]
[WhiteTitle "k"]
[BlackTitle "FM"]
[WhiteElo "2164"]
[BlackElo "2352"]

1. Nf3 d5 2. d4 Nf6 3. Bf4 Bf5 4. e3 c6 5. c4 e6 6. Nc3 Nbd7 7. h3 Bb4 8. Qb3 Qa5
9. Nh4 O-O 10. Nxf5 exf5 11. a3 Bxc3+ 12. Qxc3 Qd8 13. c5 b6 14. Bd3 Ne4 15. Bxe4
fxe4 16. b4 a5 17. O-O a4 18. b5 Rc8 19. Rfc1 bxc5 20. dxc5 cxb5 21. Qd4 Qf6 22.
Bd6 Rfd8 23. Rab1 Qxd4 24. exd4 Nb8 25. Bxb8 Rxb8 26. Rb4 Re8 27. Rcb1 e3 28.
fxe3 Rxe3 29. Rxa4 Kf8 30. Ra7 Rd3 31. Rb4 g5 32. a4 Re8 33. Rxb5 Rxd4 34. Rbb7
Rf4 35. c6 Re1+ 36. Kh2 Rc1 37. c7 Kg7 38. Rb5 Rd4 39. Raa5 Rxc7 40. Rxd5 Rxd5
41. Rxd5 Kg6 42. a5 Rc3 43. Rd6+ f6 44. a6 Ra3 45. g4 Ra2+ 46. Kg3 Ra3+ 47. Kg2
Ra2+ 48. Kg1 Ra3 49. Kg2 1/2-1/2

[Event "DRUZYNOWE MISTRZOSTWA POLSKI - II LIGA 2018"]
[Site "Jastrzebia Gora"]
[Date "1899-12-30"]
[Round "4.38"]
[White "Chalupnik, Marcin"]
[Black "Kujawski, Adam"]
[Result "1/2-1/2"]
[WhiteTitle "k++"]
[BlackTitle "k"]
[WhiteElo "2188"]
[BlackElo "2209"]

1. e4 e5 2. Nf3 Nc6 3. Bb5 a6 4. Ba4 Nf6 5. d3 d6 6. c3 g6 7. O-O Bg7 8. Re1 O-O
9. Nbd2 Nd7 10. Bxc6 bxc6 11. d4 a5 12. dxe5 Nxe5 13. Nxe5 Bxe5 14. Nf3 Bg7 15.
Bg5 Qd7 16. Qd2 f6 17. Bf4 Qf7 18. b3 c5 19. c4 a4 20. Qc2 g5 21. Be3 axb3 22.
axb3 Rxa1 23. Rxa1 g4 24. Nh4 f5 25. Ra8 f4 26. Bc1 Bd4 27. Bb2 Qe7 28. Bxd4 cxd4
29. g3 Bb7 30. Nf5 Qxe4 31. Nh6+ Kg7 32. Qxe4 Bxe4 33. Rxf8 Kxf8 34. Kf1 fxg3
35. hxg3 Bc2 36. b4 Bd3+ 37. Ke1 Bxc4 38. Nxg4 Ke7 39. Kd2 Ke6 40. Nh2 Ba2 41.
Nf3 Kd5 42. Kc2 Bc4 43. Ng5 h5 44. Kd2 Bb5 45. f4 c5 46. bxc5 dxc5 47. f5 Ke5
48. f6 Kxf6 49. Ne4+ Kf5 50. Nxc5 Kg4 51. Ne4 Bc6 52. Nf6+ Kg5 53. Nxh5 Kxh5 1/2-1/2

[Event "DRUZYNOWE MISTRZOSTWA POLSKI - II LIGA 2018"]
[Site "Jastrzebia Gora"]
[Date "1899-12-30"]
[Round "4.39"]
[White "Mazalon, Mariusz"]
[Black "Warszawski, Bartosz"]
[Result "0-1"]
[WhiteTitle "k"]
[BlackTitle "m"]
[WhiteElo "2012"]
[BlackElo "2165"]

1. d4 Nf6 2. c4 e6 3. Nf3 Bb4+ 4. Nbd2 b6 5. a3 Bxd2+ 6. Qxd2 Bb7 7. e3 O-O 8.
Be2 d6 9. b4 a5 10. Bb2 axb4 11. axb4 Nbd7 12. O-O Qe7 13. Qc2 c5 14. dxc5 bxc5
15. b5 Ne4 16. Nd2 f5 17. f3 Nxd2 18. Qxd2 Nb6 19. Qc2 Qg5 20. Kf2 Qh4+ 21. Kg1
Qh6 22. f4 Qg6 23. Bf3 Qf7 24. Bxb7 Qxb7 25. Rfd1 Rxa1 26. Bxa1 Ra8 27. Bb2 Qe7
28. Ra1 Rxa1+ 29. Bxa1 Qa7 30. Bb2 Qa5 31. Kf2 Qb4 32. Qc3 Qxc3 33. Bxc3 Nxc4
34. Ke2 Kf7 35. Kd3 d5 36. Be5 Nxe5+ 37. fxe5 Ke7 38. Kc3 Kd7 39. Kb3 Kc7 40.
Ka3 Kb6 41. Ka4 g5 42. h3 h5 43. g3 h4 44. gxh4 gxh4 0-1

[Event "DRUZYNOWE MISTRZOSTWA POLSKI - II LIGA 2018"]
[Site "Jastrzebia Gora"]
[Date "1899-12-30"]
[Round "4.40"]
[White "Kaim, Piotr"]
[Black "Gralka, Przemyslaw"]
[Result "1-0"]
[WhiteTitle "m"]
[BlackTitle "k"]
[WhiteElo "2172"]
[BlackElo "2208"]

1. Nf3 d5 2. c4 c6 3. g3 dxc4 4. Bg2 b5 5. a4 Bb7 6. b3 cxb3 7. Qxb3 a6 8. Ba3
Nd7 9. O-O Ngf6 10. d4 e6 11. Bxf8 Nxf8 12. Nc3 N8d7 13. e4 O-O 14. e5 Nd5 15.
Ne4 Qb6 16. Rfc1 a5 17. Nc5 Bc8 18. Ng5 Nxc5 19. Rxc5 h6 20. Ne4 Ba6 21. Qc2 Nb4
22. Qd2 Rfd8 23. Nd6 bxa4 24. Be4 Bb5 25. Qf4 Ra7 26. g4 Nd3 27. Rxb5 cxb5 28.
Bxd3 b4 29. Rxa4 b3 30. Qe4 g6 31. h4 b2 32. h5 Qb3 33. Rc4 Rb8 34. Bb1 a4 35.
hxg6 a3 36. gxf7+ Kf8 37. Qg6 a2 38. Qg8+ Ke7 39. Qe8+ 1-0

[Event "DRUZYNOWE MISTRZOSTWA POLSKI - II LIGA 2018"]
[Site "Jastrzebia Gora"]
[Date "1899-12-30"]
[Round "4.41"]
[White "Wisniewski, Adam"]
[Black "Kasperkiewicz, Pawel"]
[Result "1/2-1/2"]
[WhiteTitle "I+"]
[BlackTitle "k"]
[WhiteElo "1918"]
[BlackElo "1917"]

1. e4 e6 2. d4 d5 3. e5 c5 4. c3 Nc6 5. Nf3 Nge7 6. Be2 Nf5 7. dxc5 Bxc5 8. O-O
a6 9. Bd3 h6 10. Qe2 O-O 11. Nbd2 Ba7 12. Nb3 Nh4 13. Bf4 Nxf3+ 14. Qxf3 f5 15.
Qg3 Kh8 16. h4 Bd7 17. Rad1 Rc8 18. Qh3 Qe8 19. Rd2 Ne7 20. Be3 Bxe3 21. Qxe3
Qh5 22. g3 f4 23. Qe2 Qxe2 24. Rxe2 Rf7 25. Nd4 Nc6 26. Nxc6 Bxc6 27. g4 g5 28.
hxg5 hxg5 29. f3 Kg7 30. Rh2 Rh8 31. Rxh8 Kxh8 32. Kf2 Kg8 33. Rh1 Rg7 34. Rh6
Kf7 35. Rh8 Rg8 36. Rh7+ Rg7 37. Rh8 Rg8 38. Rh7+ Rg7 39. Rh8 1/2-1/2

[Event "DRUZYNOWE MISTRZOSTWA POLSKI - II LIGA 2018"]
[Site "Jastrzebia Gora"]
[Date "1899-12-30"]
[Round "4.42"]
[White "Bednarska-bzdega, Malgorzata"]
[Black "Mackiewicz, Anna"]
[Result "0-1"]
[WhiteTitle "WFM"]
[BlackTitle "k+"]
[WhiteElo "1991"]
[BlackElo "1850"]

1. e4 e6 2. d4 d5 3. Nc3 Nf6 4. Bg5 dxe4 5. Nxe4 Be7 6. Bxf6 Bxf6 7. Nf3 O-O 8.
Bd3 Bxd4 9. Nxd4 Qxd4 10. Qh5 g6 11. Qb5 f5 12. Nc3 Nc6 13. O-O a6 14. Qb3 Qb4
15. Bc4 Qxb3 16. Bxb3 Na5 17. Rfe1 Nxb3 18. axb3 Bd7 19. Ra5 Rad8 20. Rc5 Rc8
21. h4 Kf7 22. Rce5 Rfe8 23. Ne2 b6 24. Nf4 Rcd8 25. f3 Bc8 26. Nd3 Bb7 27. Nf4
Rd6 28. R1e2 h6 29. Nh3 Rd5 30. Nf4 Rxe5 31. Rxe5 g5 32. hxg5 hxg5 33. Nd3 Rd8
34. Kf2 Kf6 35. Re2 a5 36. Ne5 Rd5 37. Nc4 Ba6 38. Kg3 Rc5 39. Rd2 Bxc4 40. bxc4
Rxc4 41. c3 Ke7 42. Rd1 Rh4 43. Kf2 a4 44. Ke3 b5 45. Kf2 c5 46. Ke3 Rh2 47. Kf2
Rh8 48. Ke2 b4 49. cxb4 cxb4 50. Rd4 Rh4 51. Rd1 Rc4 52. Kd3 Rh4 53. Ra1 b3 54.
Kc3 e5 55. Rd1 Rd4 56. Rh1 g4 57. Rh7+ Kf6 58. Rh6+ Kg5 59. Re6 Kf4 60. fxg4 fxg4
61. Re7 Re4 62. Kd3 Re3+ 63. Kd2 Rg3 64. Rf7+ Ke4 65. Rf2 Kd4 66. Ke2 a3 0-1

[Event "DRUZYNOWE MISTRZOSTWA POLSKI - II LIGA 2018"]
[Site "Jastrzebia Gora"]
[Date "1899-12-30"]
[Round "4.43"]
[White "Krzywda, Andrzej"]
[Black "Karpus, Michal"]
[Result "0-1"]
[WhiteTitle "CM"]
[BlackTitle "FM"]
[WhiteElo "2232"]
[BlackElo "2382"]

1. e4 e5 2. Nf3 Nc6 3. Bc4 Nf6 4. Ng5 d5 5. exd5 Na5 6. Bb5+ c6 7. dxc6 bxc6 8.
Be2 h6 9. Nh3 g5 10. Nc3 Bg7 11. d3 O-O 12. Ng1 Qe7 13. Nf3 Rd8 14. O-O Rb8 15.
Qe1 c5 16. Ne4 Nc6 17. Be3 Nxe4 18. dxe4 Nd4 19. Bxd4 exd4 20. Rb1 Qxe4 21. Bd3
Qc6 22. Qa5 Be6 23. b3 Bd5 24. Rfe1 Rdc8 25. Nd2 Bxg2 26. Be4 Bxe4 27. Nxe4 a6
28. a4 Bf8 29. Rbd1 Re8 30. Ng3 Qg6 31. Qd2 Bd6 32. c3 Bf4 33. Qb2 d3 34. c4 d2
35. Rf1 h5 36. Qb1 h4 37. Nf5 Re5 38. Ng3 Qe6 39. Qd3 Re8 40. Qf3 hxg3 41. hxg3
Rf5 42. gxf4 Rxf4 43. Qe3 Rg4+ 44. Kh2 Qd6+ 0-1

[Event "DRUZYNOWE MISTRZOSTWA POLSKI - II LIGA 2018"]
[Site "Jastrzebia Gora"]
[Date "1899-12-30"]
[Round "4.44"]
[White "Krainski, Aleksander"]
[Black "Szymanski, Piotr"]
[Result "1-0"]
[WhiteTitle "FM"]
[BlackTitle "CM"]
[WhiteElo "2185"]
[BlackElo "2242"]

1. Nf3 Nf6 2. d4 e6 3. e3 b6 4. Bd3 Bb7 5. O-O Be7 6. b3 O-O 7. Bb2 d5 8. c4 dxc4
9. bxc4 c5 10. Nbd2 Nc6 11. Rc1 h6 12. Qe2 Qc7 13. Rfd1 Rfd8 14. Ne4 Nb4 15. Nxf6+
Bxf6 16. Bb1 cxd4 17. exd4 Qf4 18. Ne5 Bxe5 19. dxe5 Qg5 20. g3 h5 21. f4 Qg4
22. Qxg4 hxg4 23. Kf2 Na6 24. Ba3 Nc5 25. Ke3 Rac8 26. Rxd8+ Rxd8 27. Bxc5 bxc5
28. Bd3 f5 29. Rc3 Rd7 30. Ra3 Bc8 31. Ra5 Rc7 32. Bf1 Kf7 33. h3 gxh3 34. Bxh3
Ke7 35. Bg2 Kf7 36. Bf3 Ke7 37. Ra3 Rd7 38. Be2 Rc7 39. Ra5 Kf7 40. g4 fxg4 41.
Bxg4 Ke7 42. Bf3 Kf7 43. Be4 Ke7 44. Ra3 Kf7 45. Rb3 Ke7 46. Kf3 Ba6 47. Bd3 Bb7+
48. Kg4 Rd7 49. Kg5 Bg2 50. Ra3 Kf7 51. f5 exf5 52. e6+ Kxe6 53. Bxf5+ Ke7 54.
Bxd7 Kxd7 55. Kf4 Bf1 56. Rxa7+ Kd6 57. Rxg7 Bxc4 58. a3 Kc6 59. Ke3 Kb5 60. Kd2
Be6 61. Kc3 Bd5 62. Rg4 Be6 63. Rf4 Bg8 64. a4+ Ka5 65. Kb2 Be6 66. Ka3 Bd7 67.
Rh4 Bc6 68. Rh7 Be4 69. Rh4 Bc6 70. Rh7 Be4 71. Rh5 Kb6 72. Kb3 Bf3 73. Rh6+ Ka5
74. Rh7 Bd5+ 75. Ka3 Be4 76. Rh8 Bc6 77. Rb8 Bd7 78. Ra8+ Kb6 79. Rd8 Kc7 80.
Rh8 Kb6 81. Rb8+ Ka5 82. Rd8 Bg4 83. Ra8+ Kb6 84. Rb8+ Kc7 85. Rb2 Bf3 86. a5
Bb7 87. Rb6 Bc6 88. Kb3 Bd5+ 89. Kc3 Bg8 90. Kd3 Bd5 91. Rb2 Kc6 92. a6 Kc7 93.
Kc3 1-0

[Event "DRUZYNOWE MISTRZOSTWA POLSKI - II LIGA 2018"]
[Site "Jastrzebia Gora"]
[Date "1899-12-30"]
[Round "4.45"]
[White "Zgadzaj, Rafal"]
[Black "Krainski, Slawomir"]
[Result "1/2-1/2"]
[WhiteTitle "k"]
[BlackTitle "k"]
[WhiteElo "2154"]
[BlackElo "2098"]

1. c4 e6 2. Nf3 d5 3. b3 Nf6 4. Bb2 Be7 5. e3 O-O 6. Be2 Nbd7 7. Nc3 b6 8. Qc2
Bb7 9. Rg1 dxc4 10. bxc4 e5 11. d3 Re8 12. g4 e4 13. dxe4 Nxe4 14. O-O-O Nxc3
15. Qxc3 Bf6 16. Qa3 Bxb2+ 17. Qxb2 Qe7 18. Nd4 Nc5 19. Nf5 Qe5 20. Qxe5 Rxe5
21. Rd4 g6 22. Nh6+ Kg7 23. g5 Rf8 24. h4 f5 25. Rgd1 Bc6 26. Bf1 Re7 27. Kb2
Rfe8 28. Bh3 Kf8 29. Kc1 Bf3 30. Rg1 Be4 31. Rf1 Bf3 32. Rg1 Be4 1/2-1/2

[Event "DRUZYNOWE MISTRZOSTWA POLSKI - II LIGA 2018"]
[Site "Jastrzebia Gora"]
[Date "1899-12-30"]
[Round "4.46"]
[White "Szczesniak, Andrzej"]
[Black "Malecki, Rafal"]
[Result "0-1"]
[WhiteTitle "k"]
[BlackTitle "k+"]
[WhiteElo "1934"]
[BlackElo "2030"]

1. d4 Nf6 2. c4 g6 3. Nc3 Bg7 4. e4 d6 5. Be2 O-O 6. Nf3 Bg4 7. Be3 Nfd7 8. Rc1
Bxf3 9. Bxf3 e5 10. dxe5 dxe5 11. Qd2 Nc6 12. O-O Nd4 13. Bd1 Nc5 14. Kh1 a5 15.
f4 exf4 16. Bxf4 Nde6 17. Bc2 Nxf4 18. Qxf4 Bxc3 19. bxc3 Ne6 20. Qe3 Qg5 21.
Qf2 Rad8 22. Rcd1 Rxd1 23. Bxd1 Qe5 24. Qc2 Nc5 25. Bf3 Rd8 26. Rd1 Rxd1+ 27.
Qxd1 Qxc3 28. Qd8+ Kg7 29. h3 Ne6 30. Qd5 c6 31. Qd7 Qa1+ 32. Kh2 Qxa2 33. Qxb7
Qxc4 34. e5 Qf4+ 35. Kh1 Nd4 0-1

[Event "DRUZYNOWE MISTRZOSTWA POLSKI - II LIGA 2018"]
[Site "Jastrzebia Gora"]
[Date "1899-12-30"]
[Round "4.47"]
[White "Szajda, Marcin"]
[Black "Karbowiak, Adam"]
[Result "0-1"]
[WhiteTitle "I++"]
[BlackTitle "k+"]
[WhiteElo "1995"]
[BlackElo "2059"]

1. e4 e6 2. d4 d5 3. Nc3 dxe4 4. Nxe4 Bd7 5. Nf3 Bc6 6. Bd3 Nd7 7. O-O Ngf6 8.
Qe2 Be7 9. Neg5 O-O 10. Re1 Bd5 11. Ne5 Bd6 12. c4 Bc6 13. Nexf7 Rxf7 14. Qxe6
Qe7 15. Bf5 Nf8 16. Qxf7+ Qxf7 17. Nxf7 Kxf7 18. Bd2 Re8 19. Rxe8 Bxe8 20. Re1
Bd7 21. Bxd7 N8xd7 22. f3 c6 23. g3 Be7 24. Kf2 Ne8 25. Ke3 Bf6 26. b3 Nc7 27.
Kd3 Ne6 28. Bc3 c5 29. d5 Nd4 30. Bxd4 cxd4 31. f4 a5 32. Kc2 Nc5 33. g4 d3+ 34.
Kd2 Bb2 35. Ke3 Bc3 36. Rd1 d2 37. h3 a4 38. bxa4 Nxa4 39. Rxd2 Bxd2+ 40. Kxd2
Ke7 41. Kd3 Nc5+ 42. Kd4 Kd6 43. h4 b6 44. f5 Nd7 45. g5 Ne5 46. Ke4 Nxc4 47.
g6 hxg6 48. fxg6 Ne5 49. h5 Ng4 50. Kf5 Ne3+ 51. Ke4 Nxd5 52. h6 gxh6 53. g7 Ne7
54. Kd4 0-1

[Event "DRUZYNOWE MISTRZOSTWA POLSKI - II LIGA 2018"]
[Site "Jastrzebia Gora"]
[Date "1899-12-30"]
[Round "4.48"]
[White "Pacuszka, Wioletta"]
[Black "Chmiel, Dominika"]
[Result "0-1"]
[WhiteTitle "I++"]
[BlackTitle "m"]
[WhiteElo "1902"]
[BlackElo "2098"]

1. e4 e5 2. Nf3 Nc6 3. Bc4 Bc5 4. d3 Nf6 5. c3 d6 6. O-O h6 7. a4 a6 8. Re1 O-O
9. b4 Ba7 10. a5 Ne7 11. Be3 Ng6 12. Bxa7 Rxa7 13. Nbd2 Nf4 14. Nf1 Bg4 15. d4
exd4 16. Qd2 Nh3+ 17. gxh3 Bxf3 18. Qf4 d5 19. exd5 Bxd5 20. Bxd5 Nxd5 21. Qxd4
Ra8 22. Re5 Nf6 23. Qc4 Qd7 24. Re3 Rad8 25. Rae1 Nd5 26. Re5 c6 27. Ne3 Qxh3
28. Nxd5 cxd5 29. Qd4 Rd6 30. R1e3 Qd7 31. Kh1 Qc6 32. Rg3 f6 33. Re7 Rf7 34.
Rxf7 Kxf7 35. Qg4 g5 36. Qf5 Kg7 37. h4 d4+ 38. Kh2 dxc3 39. h5 c2 40. Qg6+ Kf8
41. Re3 Re6 42. Rxe6 Qxe6 43. Qxh6+ Ke7 44. Qh7+ Qf7 45. Qxc2 Qxh5+ 46. Kg3 Qh4+
47. Kg2 Qg4+ 48. Kh2 Qxb4 49. Qh7+ Kd6 50. Qg7 Qf4+ 51. Kg2 Kc6 52. Qe7 Qf5 53.
Qe8+ Kc5 54. Qa4 g4 55. Kg1 Qb1+ 56. Kg2 f5 57. Qd7 Qe4+ 58. Kg1 Kb4 59. Qc7 Ka4
60. Qd8 Qe1+ 61. Kg2 Qxa5 62. Qd4+ Qb4 63. Qd1+ Ka5 64. Qa1+ Kb5 65. Kg3 Qc5 66.
Qb2+ Kc6 67. Kf4 a5 68. Kg5 a4 69. Qf6+ Kc7 70. Qf7+ Kb6 71. Qa2 Ka5 72. Qd2+
Ka6 73. Qa2 a3 74. Qe2+ b5 75. Kh4 Ka5 76. Qd2+ b4 77. Kg3 Qc3+ 0-1

[Event "DRUZYNOWE MISTRZOSTWA POLSKI - II LIGA 2018"]
[Site "Jastrzebia Gora"]
[Date "1899-12-30"]
[Round "4.49"]
[White "Grela, Kacper"]
[Black "Zaskalski, Arkadiusz"]
[Result "1-0"]
[WhiteTitle "FM"]
[BlackTitle "k"]
[WhiteElo "2284"]
[BlackElo "2186"]

1. d4 Nf6 2. c4 e6 3. Nc3 d5 4. Nf3 Be7 5. Bf4 O-O 6. e3 c5 7. Be2 Nbd7 8. cxd5
Nxd5 9. Nxd5 exd5 10. O-O cxd4 11. Nxd4 Nc5 12. Bf3 Be6 13. b4 Na6 14. a3 Qd7
15. Qb3 Rfd8 16. e4 Bg4 17. exd5 Bxf3 18. Nxf3 Qxd5 19. Qxd5 Rxd5 20. Rfd1 Rad8
21. Rxd5 Rxd5 22. Kf1 Kf8 23. Rc1 Ke8 24. Ke2 Kd8 25. Ne5 f6 26. Nc4 b6 27. Bg3
Rd7 28. Ne3 Bd6 29. Bxd6 Rxd6 30. Rc4 Nc7 31. Rh4 h6 32. Nf5 Rd7 33. Rg4 Ne6 34.
h4 Ke8 35. Ke3 Kf7 36. Rc4 Nc7 37. Rc6 Ne8 38. Rc8 h5 39. a4 g6 40. Nd4 Nd6 41.
Rc6 Re7+ 42. Kf3 Rd7 43. g3 Nb7 44. Nb5 Nd8 45. Rc8 Ke7 46. Ke4 f5+ 47. Kf3 Kf6
48. Nxa7 Rxa7 49. Rxd8 Rxa4 50. Rd6+ Kg7 51. Rxb6 Kh6 52. Rb8 Ra3+ 53. Kf4 Ra2
54. Kf3 Rb2 55. b5 Rb4 56. Rb7 Rb2 57. b6 Rb4 58. Ke3 Rb2 59. Kf3 Rb4 60. Ke2
Rb2+ 61. Ke3 Rb4 62. Kd3 f4 63. Kc3 fxg3 64. fxg3 Rb1 65. Kc4 g5 66. hxg5+ Kxg5
67. Rb8 Kg6 68. Kd5 Kg7 69. Kc6 Rc1+ 70. Kb7 Rc3 71. Rc8 Rxg3 72. Rc4 Kh6 73.
Kc6 Rg6+ 74. Kb5 Rg8 75. Rc5 Rg7 76. Ka6 h4 77. b7 Rg6+ 78. Ka7 Rg7 79. Ka8 1-0

[Event "DRUZYNOWE MISTRZOSTWA POLSKI - II LIGA 2018"]
[Site "Jastrzebia Gora"]
[Date "1899-12-30"]
[Round "4.50"]
[White "Jaskolka, Tomasz"]
[Black "Komendecki, Jacek"]
[Result "1-0"]
[WhiteTitle "k+"]
[BlackTitle "k"]
[WhiteElo "2177"]
[BlackElo "2116"]

1. d4 Nf6 2. c4 g6 3. Nc3 Bg7 4. e4 d6 5. Be2 O-O 6. Be3 a6 7. f3 c6 8. g4 b5 9.
Qd2 bxc4 10. Bh6 d5 11. e5 Ne8 12. h4 f6 13. Nh3 Rf7 14. O-O-O Qc7 15. Bxg7 Nxg7
16. h5 g5 17. f4 gxf4 18. exf6 Rxf6 19. g5 Rf8 20. h6 Nf5 21. Nxf4 Nxd4 22. Nfxd5
Nxe2+ 23. Qxe2 cxd5 24. Nxd5 Qg3 25. Rhg1 Qf3 26. Rh1 1-0

[Event "DRUZYNOWE MISTRZOSTWA POLSKI - II LIGA 2018"]
[Site "Jastrzebia Gora"]
[Date "1899-12-30"]
[Round "4.51"]
[White "Kowalak, Piotr"]
[Black "Markiewicz, Jerzy"]
[Result "0-1"]
[WhiteTitle "k"]
[BlackTitle "FM"]
[WhiteElo "2110"]
[BlackElo "2170"]

1. e4 c5 2. Nf3 d6 3. d4 cxd4 4. Nxd4 Nf6 5. Nc3 Nc6 6. Bg5 h6 7. Bxf6 gxf6 8.
Bb5 Bd7 9. Nf5 a6 10. Be2 Qa5 11. O-O Bxf5 12. exf5 Qxf5 13. Nd5 Kd8 14. c4 e6
15. Bg4 Qe4 16. Qb3 b5 17. Ne3 Rg8 18. f3 Qd4 19. cxb5 Na5 20. Qc3 Qxc3 21. bxc3
d5 22. Kh1 Bc5 23. Nc2 f5 24. Bh5 Ke7 25. Rab1 Nc4 26. bxa6 Nd6 27. Nb4 Bxb4 28.
Rxb4 Rxa6 29. a4 Rc8 30. Rc1 Rac6 31. g3 Rxc3 32. Rxc3 Rxc3 33. Kg2 Rc2+ 34. Kg1
e5 35. f4 e4 36. Rd4 Ke6 37. h3 Nc4 38. g4 fxg4 39. hxg4 f6 40. Bg6 Nd2 41. Bf5+
Kd6 42. Rb4 Nf3+ 43. Kf1 Ra2 44. Rb6+ Kc5 45. Rxf6 e3 46. Bd3 Rf2# 47. Ke1 0-1

[Event "DRUZYNOWE MISTRZOSTWA POLSKI - II LIGA 2018"]
[Site "Jastrzebia Gora"]
[Date "1899-12-30"]
[Round "4.52"]
[White "Augustyn, Sebastian"]
[Black "Madera, Mateusz"]
[Result "1-0"]
[WhiteTitle "k"]
[BlackTitle "I+"]
[WhiteElo "2173"]
[BlackElo "1937"]

1. g3 c5 2. Bg2 Nc6 3. c4 g6 4. Nc3 Bg7 5. e3 e5 6. Nge2 Nge7 7. a3 O-O 8. O-O
d6 9. Rb1 a5 10. d3 Be6 11. Nd5 Rb8 12. Nec3 f5 13. f4 Kh8 14. Bd2 Bf7 15. Qa4
Be8 16. Qc2 Bf7 17. Qa4 Be8 18. Qb3 b6 19. Qc2 Bf7 20. Rfd1 Nxd5 21. Nxd5 Ne7
22. Nxe7 Qxe7 23. b4 axb4 24. axb4 exf4 25. gxf4 h6 26. Re1 Qd7 27. Bc3 Be6 28.
Rb2 Rfd8 29. Reb1 Qc7 30. Bxg7+ Kxg7 31. Qc3+ Kf7 32. Ra1 cxb4 33. Qxb4 Qc5 34.
Ra7+ Rd7 35. Qxc5 dxc5 36. Rxd7+ Bxd7 37. d4 cxd4 38. exd4 b5 39. c5 Rc8 40. Kf2
g5 41. Ra2 Be8 42. Ra7+ Kf6 43. Ra6+ Kg7 44. Ke3 Bf7 45. c6 Re8+ 46. Kd3 Bc4+
47. Kc3 Kf7 48. d5 Rc8 49. Ra7+ Kf6 50. Kd4 gxf4 51. d6 Be2 52. d7 Rd8 53. Bd5
f3 54. c7 Rxd7 55. Ra6+ Kg5 56. c8=Q f2 57. Qxd7 f1=Q 58. Qg7+ 1-0

[Event "DRUZYNOWE MISTRZOSTWA POLSKI - II LIGA 2018"]
[Site "Jastrzebia Gora"]
[Date "1899-12-30"]
[Round "4.53"]
[White "Krawiec, Grzegorz"]
[Black "Czarnecki, Wojciech"]
[Result "1-0"]
[WhiteTitle "I"]
[BlackTitle "k"]
[WhiteElo "1779"]
[BlackElo "1971"]

1. e4 c6 2. d4 d5 3. e5 Bf5 4. h4 h5 5. Bd3 Bxd3 6. Qxd3 e6 7. Bg5 Qb6 8. Nd2 Nd7
9. c4 Qxb2 10. Rb1 Qxa2 11. Rxb7 Qa6 12. Rb3 Rb8 13. Ne2 Rxb3 14. Qxb3 Be7 15.
O-O Bxg5 16. hxg5 Ne7 17. Rb1 Nb6 18. c5 Qxe2 19. cxb6 axb6 20. Qxb6 O-O 21. Nf3
Qc4 22. Qc7 Nf5 23. g6 Nxd4 24. gxf7+ Rxf7 25. Rb8+ Rf8 26. Rxf8+ Kxf8 27. Qb8+
Kf7 28. Qa7+ Kg6 29. Qxd4 Qc1+ 30. Kh2 c5 31. Qd3+ Kf7 32. Qd2 Qc4 33. Qg5 d4
34. Qxh5+ Ke7 35. Ng5 Qd5 36. Qf7+ Kd8 37. Nxe6+ 1-0

[Event "DRUZYNOWE MISTRZOSTWA POLSKI - II LIGA 2018"]
[Site "Jastrzebia Gora"]
[Date "1899-12-30"]
[Round "4.54"]
[White "Mirowska, Oliwia"]
[Black "Karykowska, Anna"]
[Result "1-0"]
[WhiteTitle "I++"]
[BlackTitle "k"]
[WhiteElo "1503"]
[BlackElo "1836"]

1. d3 d5 2. f4 c5 3. Nf3 Nc6 4. g3 Bg4 5. Bg2 Qd7 6. O-O O-O-O 7. c3 e6 8. Bd2
h5 9. a3 Bxf3 10. Bxf3 h4 11. g4 e5 12. h3 exf4 13. Bxf4 Bd6 14. Qd2 Nge7 15.
b4 Bxf4 16. Qxf4 Ng6 17. Qc1 Qc7 18. Bg2 c4 19. a4 Rhe8 20. Qd2 Re7 21. Na3 Nce5
22. Nb5 Qb6+ 23. Nd4 f6 24. a5 Qc7 25. b5 Qc5 26. Kh1 Ree8 27. Rfb1 cxd3 28. exd3
Nf8 29. Nf5 g6 30. Nxh4 Qe7 31. Re1 Qh7 32. d4 Qxh4 33. dxe5 fxe5 34. Qe3 Kb8
35. a6 b6 36. c4 Ne6 37. Qxe5+ Nc7 38. Qc3 dxc4 39. Rxe8 Rxe8 40. Rf1 Nxb5 41.
Qxc4 Nd6 42. Qc6 Qe7 43. Qa8+ Kc7 44. Rc1+ Kd7 45. Qxa7+ Kd8 46. Qxb6+ 1-0